S ochrankou a za ostnatým drôtom v prípravnom stretnutí basketbalistov: Alžírsko-Slovensko 69:77 (14:10, 34:36, 59:55)

Bibliographic Details
Main Author: (eje) (Author)
Format: Article
Language:Slovak
PhysicalDescription:Fotogr.
ISSN:0139-7001
Subjects:

MARC

LEADER 00000nab a2200000 a 4500
001 vtls000799595
003 SK-MaSNL
005 20260302155622.0
008 180206c2002 xo 0 slo
015 |a SNBRB2002/07-21990 
035 |a CLN000151250 
040 |a SNKBUCL  |b slo  |c SNKBUCL  |e AACR2 
041 0 |a slo 
044 |a xo  |c SK 
080 |a 796.323.093.1  |2 UDC-MRF-SK2 
100 0 |a (eje)  |4 aut  |9 838483 
245 1 0 |a S ochrankou a za ostnatým drôtom  |b v prípravnom stretnutí basketbalistov: Alžírsko-Slovensko 69:77 (14:10, 34:36, 59:55)  |c [autor] (eje) 
300 |b Fotogr. 
650 0 7 |a basketbal  |x muži  |x Alžírsko-Slovensko  |z Alžír (Alžírsko)  |y 2002  |2 snkbucl  |9 854351 
655 7 |a články z novín a časopisov  |2 snkbucl  |9 267496 
773 0 |x 0139-7001  |t Šport  |g Roč. 56, č. 147 (26.6.2002), s. 10 
850 |a Slovenská národná knižnica v Martine 
852 |a SNK  |b KIS3GCP 
958 |a RBX 
999 |c 1372046  |d 1373976